| 000 | 00571nam a2200181 a 4500 | ||
|---|---|---|---|
| 005 | 20140310183138.0 | ||
| 008 | 020823s19uu xx 00 eng d | ||
| 020 | _a0749425113 | ||
| 050 |
_aHD 69.C6 _b.M446 1997 |
||
| 100 | _aMeislin, Marcia | ||
| 245 |
_aThe internal consultants : _busing inside expertise to improve systems, manage change & develop strategy / _cMarcia Meislin. |
||
| 260 |
_aU.S.A : _bCrisp Publications Inc., _c1997. |
||
| 300 |
_a95 p. : _c22 cm. |
||
| 521 | _aBSBA | ||
| 650 | _aBusiness consultants | ||
| 942 |
_cBK _2lcc _kFOR |
||
| 999 |
_c19332 _d19332 |
||